<?xml version="1.0" encoding="UTF-8"?>
<record
    xmlns:xsi="http://www.w3.org/2001/XMLSchema-instance"
    xsi:schemaLocation="http://www.loc.gov/MARC21/slim http://www.loc.gov/standards/marcxml/schema/MARC21slim.xsd"
    xmlns="http://www.loc.gov/MARC21/slim">

  <leader>01378nam0a22002891  4500</leader>
  <controlfield tag="001">v19\rc\1494049</controlfield>
  <controlfield tag="005">20260407121946.0</controlfield>
  <datafield tag="035" ind1=" " ind2=" ">
    <subfield code="a">(NLR Aleph) 005227482</subfield>
  </datafield>
  <datafield tag="090" ind1=" " ind2=" ">
    <subfield code="a">5569736</subfield>
    <subfield code="c">5569736</subfield>
  </datafield>
  <datafield tag="100" ind1=" " ind2=" ">
    <subfield code="a">20060620d1881    |||y0rusy50      ca</subfield>
  </datafield>
  <datafield tag="101" ind1="0" ind2=" ">
    <subfield code="a">rus</subfield>
  </datafield>
  <datafield tag="102" ind1=" " ind2=" ">
    <subfield code="a">RU</subfield>
  </datafield>
  <datafield tag="105" ind1=" " ind2=" ">
    <subfield code="a">a   z   |||||</subfield>
  </datafield>
  <datafield tag="200" ind1="1" ind2=" ">
    <subfield code="a">&#x423;&#x441;&#x442;&#x430;&#x432; &#x43E; &#x441;&#x442;&#x440;&#x43E;&#x435;&#x432;&#x43E;&#x439; &#x43F;&#x435;&#x445;&#x43E;&#x442;&#x43D;&#x43E;&#x439; &#x441;&#x43B;&#x443;&#x436;&#x431;&#x435; &#x438; &#x438;&#x43D;&#x441;&#x442;&#x440;&#x443;&#x43A;&#x446;&#x438;&#x44F; &#x434;&#x43B;&#x44F; &#x434;&#x435;&#x439;&#x441;&#x442;&#x432;&#x438;&#x44F; &#x440;&#x43E;&#x442;&#x44B; &#x438; &#x431;&#x430;&#x442;&#x430;&#x43B;&#x44C;&#x43E;&#x43D;&#x430; &#x432; &#x431;&#x43E;&#x44E;</subfield>
  </datafield>
  <datafield tag="210" ind1=" " ind2=" ">
    <subfield code="a">&#x421;.-&#x41F;&#x435;&#x442;&#x435;&#x440;&#x431;&#x443;&#x440;&#x433;</subfield>
    <subfield code="c">&#x432; &#x412;&#x43E;&#x435;&#x43D;&#x43D;&#x43E;&#x439; &#x442;&#x438;&#x43F;&#x43E;&#x433;&#x440;&#x430;&#x444;&#x438;&#x438;</subfield>
    <subfield code="d">1881</subfield>
  </datafield>
  <datafield tag="215" ind1=" " ind2=" ">
    <subfield code="a">290 &#x441;. &#x440;&#x430;&#x437;&#x434;. &#x43F;&#x430;&#x433;., 13 &#x43B;. &#x447;&#x435;&#x440;&#x442;.</subfield>
    <subfield code="c">&#x438;&#x43B;.</subfield>
    <subfield code="d">16</subfield>
  </datafield>
  <datafield tag="316" ind1=" " ind2=" ">
    <subfield code="a">&#x42D;&#x43A;&#x437;. &#x420;&#x41D;&#x411; &#x43D;&#x430; &#x448;&#x438;&#x444;&#x440;&#x435; 38.27.10.19(1) &#x441; &#x44D;&#x43A;&#x441;&#x43B;&#x438;&#x431;&#x440;&#x438;&#x441;&#x43E;&#x43C; &#x411;&#x438;&#x431;&#x43B;&#x438;&#x43E;&#x442;&#x435;&#x43A;&#x438; &#x41D;&#x438;&#x43A;&#x43E;&#x43B;&#x430;&#x44F; II: &#x43C;&#x43E;&#x43D;&#x43E;&#x433;&#x440;&#x430;&#x43C;&#x43C;&#x430; "&#x41D;. &#x410;."</subfield>
    <subfield code="5">NLR: 38.27.10.19(1)</subfield>
  </datafield>
  <datafield tag="517" ind1="0" ind2=" ">
    <subfield code="a">&#x418;&#x43D;&#x441;&#x442;&#x440;&#x443;&#x43A;&#x446;&#x438;&#x44F; &#x434;&#x43B;&#x44F; &#x434;&#x435;&#x439;&#x441;&#x442;&#x432;&#x438;&#x44F; &#x440;&#x43E;&#x442;&#x44B; &#x438; &#x431;&#x430;&#x442;&#x430;&#x43B;&#x44C;&#x43E;&#x43D;&#x430; &#x432; &#x431;&#x43E;&#x44E;</subfield>
  </datafield>
  <datafield tag="702" ind1=" " ind2="0">
    <subfield code="4">390</subfield>
    <subfield code="8">rus</subfield>
    <subfield code="7">ca</subfield>
    <subfield code="a">&#x41D;&#x438;&#x43A;&#x43E;&#x43B;&#x430;&#x439;</subfield>
    <subfield code="c">&#x438;&#x43C;&#x43F;&#x435;&#x440;&#x430;&#x442;&#x43E;&#x440; &#x440;&#x43E;&#x441;&#x441;&#x438;&#x439;&#x441;&#x43A;&#x438;&#x439;</subfield>
    <subfield code="d">II</subfield>
    <subfield code="f">1868-1918</subfield>
    <subfield code="3">RU\NLR\AUTH\773750</subfield>
    <subfield code="9">113742</subfield>
  </datafield>
  <datafield tag="740" ind1=" " ind2="1">
    <subfield code="a">&#x420;&#x43E;&#x441;&#x441;&#x438;&#x44F;</subfield>
    <subfield code="t">&#x412;&#x43E;&#x435;&#x43D;&#x43D;&#x44B;&#x435; &#x443;&#x441;&#x442;&#x430;&#x432;&#x44B; &#x438; &#x43D;&#x430;&#x441;&#x442;&#x430;&#x432;&#x43B;&#x435;&#x43D;&#x438;&#x44F;</subfield>
    <subfield code="3">RU\NLR\AUTH\889957977</subfield>
    <subfield code="9">412039</subfield>
  </datafield>
  <datafield tag="801" ind1=" " ind2="0">
    <subfield code="a">RU</subfield>
    <subfield code="b">NLR</subfield>
    <subfield code="c">20060620</subfield>
    <subfield code="g">psbo</subfield>
  </datafield>
  <datafield tag="801" ind1=" " ind2="0">
    <subfield code="a">RU</subfield>
    <subfield code="b">RuMoRGB</subfield>
    <subfield code="c">20060620</subfield>
    <subfield code="2">psbo</subfield>
  </datafield>
  <datafield tag="801" ind1=" " ind2="1">
    <subfield code="a">RU</subfield>
    <subfield code="b">ProSoft-M</subfield>
    <subfield code="c">20060620</subfield>
    <subfield code="2">rusmarc</subfield>
  </datafield>
  <datafield tag="801" ind1=" " ind2="2">
    <subfield code="a">RU</subfield>
    <subfield code="b">NLR</subfield>
    <subfield code="c">20091028</subfield>
    <subfield code="2">rusmarc</subfield>
  </datafield>
  <datafield tag="852" ind1=" " ind2=" ">
    <subfield code="a">NLR</subfield>
    <subfield code="j">38.27.10.19(1)</subfield>
  </datafield>
  <datafield tag="942" ind1=" " ind2=" ">
    <subfield code="c">BOOK</subfield>
  </datafield>
  <datafield tag="980" ind1=" " ind2=" ">
    <subfield code="a">NB</subfield>
  </datafield>
  <datafield tag="995" ind1=" " ind2=" ">
    <subfield code="5">2013-10-26</subfield>
    <subfield code="b">NLR02</subfield>
    <subfield code="c">NLR02</subfield>
    <subfield code="e">RFS</subfield>
    <subfield code="f">5227482-10</subfield>
    <subfield code="k">38.27.10.19(1)</subfield>
    <subfield code="o">0</subfield>
    <subfield code="r">BOOK</subfield>
    <subfield code="s">382710191_</subfield>
  </datafield>
  <datafield tag="995" ind1=" " ind2=" ">
    <subfield code="5">2022-05-23</subfield>
    <subfield code="b">NLR01</subfield>
    <subfield code="c">NLR01</subfield>
    <subfield code="e">OBM</subfield>
    <subfield code="f">1-3342348</subfield>
    <subfield code="o">0</subfield>
    <subfield code="p">1000.00</subfield>
    <subfield code="r">BOOK</subfield>
  </datafield>
</record>
